| 000 | 01151nac a22003257a 4500 | ||
|---|---|---|---|
| 001 | BR8100701 | ||
| 003 | BR-BrBNA | ||
| 005 | 20240105114910.0 | ||
| 008 | 230509b bl.|||m| |||| 00| 0 por d | ||
| 040 |
_aBR-BrBNA _bpor _cBiblioteca Nacional de Agricultura |
||
| 072 | _aH10 | ||
| 090 | _a0336 BR8100701 | ||
| 100 | 1 | _aGazzoni, D.L. | |
| 100 | 1 | _aOliveira, E.B. de | |
| 100 | 1 | _aGomes, S.A. | |
| 110 | 1 |
_aCentro Nacional de Pesquisa de Soja, Londrina, PR (Brasil) _91793 |
|
| 245 | 1 | _aRecomendacoes de inseticidas para utilizacao no programa de manejo de pragas da soja - safra 1980/81 [Glycine max; Parana; Brasil] | |
| 246 | 1 | _a[Insecticide recommendation for use in the soybean pests treatment programme - 1980/81 [Glycine max; Parana; Brazil]] | |
| 260 | 3 |
_aLondrina, PR (Brasil): _c1980. |
|
| 300 | _a9 p. | ||
| 490 |
_aComunicado Tecnico - Centro Nacional de Pesquisa de Soja (Brazil) _vno. 7 _x |
||
| 650 | _aPraga de planta | ||
| 650 | _aSoja | ||
| 650 | _aInseticida | ||
| 650 | _aInseto | ||
| 650 | _aControle quimico | ||
| 650 | _aParana | ||
| 909 |
_a202312 _bLúcia Elande _c55 _dLúcia Elande |
||
| 942 |
_2AGRIS _n0 _cMS |
||
| 999 |
_c271927 _d271927 |
||